Normal view
MARC view
- Employee motivation
Entry Topical Term
001 - CONTROL NUMBER
- control field: 12240
003 - CONTROL NUMBER IDENTIFIER
- control field: OSt
005 - DATE AND TIME OF LATEST TRANSACTION
- control field: 20110119172727.0
008 - FIXED-LENGTH DATA ELEMENTS
- fixed length control field: 110119|||a|||||| | ||| d
040 ## - CATALOGING SOURCE
- Original cataloging agency: OSt
- Transcribing agency: OSt
150 ## - HEADING--TOPICAL TERM
- Topical term or geographic name as entry element: Employee motivation
670 ## - SOURCE DATA FOUND
- Source citation: Work cat.: (OSt): Carlisle, Kenneth E. 12237, Practical motivation handbook :, c1986.
670 ## - SOURCE DATA FOUND
- Source citation: Work cat.: (OSt): Carlisle, Kenneth E. 12237, Practical motivation handbook :, c1986.
